Building and using a groundwater database / (Record no. 544678)

000 -LEADER
fixed length control field 00635cam a2200181 a 4500
020 ## - INTERNATIONAL STANDARD BOOK NUMBER
International Standard Book Number 0873714040
082 00 - DEWEY DECIMAL CLASSIFICATION NUMBER
Classification number 551.49
Author Mark ROW
-- L-39, P-127.
100 1# - MAIN ENTRY--PERSONAL NAME
Personal name Rowe, Garry W.
9 (RLIN) 40353
245 10 - TITLE STATEMENT
Title Building and using a groundwater database /
Statement of responsibility, etc. Garry W. Rowe, Sylvia J. Dulaney.
260 ## - PUBLICATION, DISTRIBUTION, ETC.
Place of publication, distribution, etc. Chelsea, Mich. :
Name of publisher, distributor, etc. Lewis Publishers,
Date of publication, distribution, etc. c1991.
300 ## - PHYSICAL DESCRIPTION
Extent ix, 218 p. :
Other physical details ill., maps ;
Dimensions 25 cm.
526 ## - STUDY PROGRAM INFORMATION NOTE
Program name 0
Interest level 0
Reading level 0
Title point value 551_490000000000000_ROW
650 #0 - SUBJECT ADDED ENTRY--TOPICAL TERM
Topical term or geographic name entry element Groundwater
General subdivision Databases.
9 (RLIN) 40354
650 #0 - SUBJECT ADDED ENTRY--TOPICAL TERM
Topical term or geographic name entry element MCE
9 (RLIN) 379
700 1# - ADDED ENTRY--PERSONAL NAME
Personal name Dulaney, Sylvia J.
9 (RLIN) 40355
856 42 - ELECTRONIC LOCATION AND ACCESS
Uniform Resource Identifier <a href="http://www.loc.gov/catdir/enhancements/fy0744/91076319-d.html">http://www.loc.gov/catdir/enhancements/fy0744/91076319-d.html</a>
942 ## - ADDED ENTRY ELEMENTS (KOHA)
Source of classification or shelving scheme
Koha item type Book
Holdings
Withdrawn status Lost status Source of classification or shelving scheme Damaged status Not for loan Permanent Location Current Location Date acquired Total Checkouts Full call number Barcode Date last seen Price effective from Koha item type
          Military College of Engineering (MCE) Military College of Engineering (MCE) 05/09/2014   551.49 ROW MCE-28843 05/09/2014 03/14/2021 Book
© 2023 Central Library, National University of Sciences and Technology. All Rights Reserved.